Vorlesung über Die gesamte Philosophie oder die Lehre vom Wesen der Welt und dem menschlichen Geiste. 3. Teil: Metaphysik des Schönen.
Sparad:
| Huvudupphovsman: | |
|---|---|
| Övriga upphovsmän: | , , |
| Materialtyp: | Okänd |
| Språk: | engelska |
| Publicerad: |
Hamburg, Deutschland:
Meiner Felix,
2018.
|
| Serie: | Philosophische Bibliothek,
703 |
| Ämnen: | |
| Taggar: |
Lägg till en tagg
Inga taggar, Lägg till första taggen!
|
MARC
| LEADER | 00000 a2200000 4500 | ||
|---|---|---|---|
| 003 | CL-VaPUC | ||
| 005 | 20230809092642.0 | ||
| 008 | 220406b ||||| |||| 00| 0 eng d | ||
| 999 | |c 434852 |d 434850 | ||
| 020 | |a 978-3787331789 | ||
| 040 | |c Pontificia Universidad Católica de Valparaíso | ||
| 082 | 7 | |a 110 SCH 2018 |2 22 | |
| 100 | |a Schopenhauer, Arthur |e autor |d 1788-1860 |9 867193 | ||
| 245 | |a Vorlesung über Die gesamte Philosophie oder die Lehre vom Wesen der Welt und dem menschlichen Geiste. |b 3. Teil: Metaphysik des Schönen. | ||
| 260 | |a Hamburg, Deutschland: |b Meiner Felix, |c 2018. | ||
| 300 | |a 254 páginas. | ||
| 490 | |a Philosophische Bibliothek, |v 703 | ||
| 583 | |k Sebastián Perez |c 20220406 | ||
| 650 | 0 | |a Idealismo |9 265685 | |
| 650 | |a Metafísica de la belleza |9 868021 | ||
| 650 | |a Ontología |9 256850 | ||
| 700 | |a Schubbe, Daniel |9 868022 | ||
| 700 | |a Werntgen-Schmidt, Judith |9 868023 | ||
| 700 | |a Elon, Daniel |9 868024 | ||
| 942 | |2 ddc |c BK | ||
| 952 | |0 0 |1 0 |2 ddc |4 0 |6 110_000000000000000_SCH_2018 |7 0 |8 A |9 582466 |a BIBEDU |b BIBEDU |c GEN |d 2022-04-05 |e 59 |g 41582.95 |i 5650558 |l 1 |o 110 SCH 2018 |p 5650558 |r 2022-06-15 |s 2022-05-18 |t 1 |v 41582.95 |w 2022-04-05 |y BK |k FIL | ||